Crèche de Noël et expressions - Statistiques

Statistiques générales
  • Ce quiz a été pris 50 fois
  • Le résultat moyen est 8 sur 9
Statistiques - réponses
Hint Réponse % Correct
Mettre le petit ... dans la crèche Jésus
98%
Doux comme un ... Agneau
96%
Bête comme un ... âne
93%
Avoir une mémoire d' ... Eléphant
93%
La réponse du ... à la bergère Berger
91%
Suer comme un ... Boeuf
91%
un ... passe Ange
89%
Avoir une fièvre de ... Cheval
87%
... couche-toi là Marie
67%
Aucun quiz correspondant
Distribution des résultats
% des personnes avec chaque résultat
Percentile par nombre de réponses
Votre historique - résultats
Vous n’avez pas pris ce quiz